00489nam a22001457a 4500999001900000020001900019040001200038082001800050100008100068245003800149260003400187300001200221942001200233952009800245 c533732d533732 a978-0471985211 cMSOHAIL a307.1216bALL a Philip Allmendinger (Editor), Alan Prior (Editor), Jeremy Raemaekers927695 aIntroduction to Planning Practice aNew YorkbJohn Wiley; cc2000 a439;pxv 2ddccBK 00102ddc4070aNITbNITd2020-01-17l0o307.1216 ALLpNIT-13065r2020-01-17w2020-01-17yBK